Statistics for Top 50 Post-Hardcore Albums

Click here to take the quiz!

General Stats

  • This quiz has been taken 17 times
  • The average score is 14 of 50

Answer Stats

ArtistAlbum% Correct
#1: SlintSpiderland
79%
#15: Big BlackSongs About Fucking
64%
#7: RefusedThe Shape of Punk to Come
64%
#2: At the Drive-InRelationship of Command
57%
#5: FugaziRepeater
57%
#10: Drive Like JehuYank Crime
57%
#9: Big BlackAtomizer
50%
#4: Hüsker DüZen Arcade
50%
#31: IDLESJoy as an Act of Resistance.
43%
#3: UnwoundLeaves Turn Inside You
43%
#6: FugaziThe Argument
43%
#11: Hüsker DüNew Day Rising
36%
#12: FugaziRed Medicine
36%
#13: UnwoundRepetition
36%
#39: ThriceVheissu
36%
#35: FugaziEnd Hits
29%
#24: UnwoundFake Train
29%
#20: FugaziIn on the Kill Taker
29%
#16: UnwoundNew Plastic Ideas
29%
#48: Rites of SpringRites of Spring
29%
#38: NoMeansNo0 + 2 = 1
21%
#19: ShellacAt Action Park
21%
#50: Cloud NothingsAttack on Memory
21%
#27: OrchidChaos Is Me
21%
#17: OrchidDance Tonight! Revolution Tomorrow!
21%
#40: pageninetynineDocument #7
21%
#36: pageninetynineDocument #8
21%
#14: The Jesus LizardGoat
21%
#22: mcluskyMclusky Do Dallas
21%
#26: ...And You Will Know Us by the Trail of DeadSource Tags & Codes
21%
#37: NoMeansNoWhy Do They Call Me Mr. Happy?
21%
#8: NoMeansNoWrong
21%
#34: EnvyAll the Footprints You've Ever Left and the Fear Expecting Ahead
14%
#30: mewithoutYouCatch for Us the Foxes
14%
#33: City of CaterpillarCity of Caterpillar
14%
#32: Hüsker DüFlip Your Wig
14%
#23: The Jesus LizardLiar
14%
#29: The God MachineScenes from the Second Storey
14%
#21: Cap'n JazzShmap'n Shmazz
14%
#45: La DisputeSomewhere at the Bottom of the River Between Vega and Altair
14%
#46: Off MinorThe Heat Death of the Universe
14%
#43: Funeral DinerThe Underdark
14%
#42: RapemanTwo Nuns and a Pack Mule
14%
#47: MinutemenWhat Makes a Man Start Fires?
14%
#41: Portraits of Past01010101
7%
#44: Hot SnakesAudit in Progress
7%
#25: mewithoutYouBrother, Sister
7%
#28: Drive Like JehuDrive Like Jehu
7%
#18: GospelThe Moon is a Dead World
7%
#49: ArmiaTriodante
0%

Score Distribution

Percentile by Number Answered

Percent of People with Each Score

Your Score History

You have not taken this quiz